00000000nam##2200000za#4500
0019.604833
003CaOODSP
00520210624211816
007cr |||||||||||
008150406|2002||||xxc|||||o    f|0| 0 fre|d
040 |aCaOODSP|bfre
043 |an-cn---
0861 |aFo29-47/27-2002F-PDF
1101 |aCanada.|bRessources naturelles Canada. |bService canadien des forêts.
24510|aWRS-Canada - intégration du système de référence mondial (Worldwide Referencing System) de Landsat avec des données écologiques, géographiques et démographiques|h[ressource électronique]|c[Par]Mike Wulder, David Seemann and Brian Low.
260 |aVictoria - Colombie Britannique : |bRessources naturelles Canada. |c2002.
300 |a6p.|bfigures (certaines en couleur), références
4901 |aNotes de transfert technologique|vN° 27, octobre 2002
500 |aLe n° de catalogue et l'ISSN de l'édition imprimée apparaissent dans cette version électronique.
590 |a12-40-Supp|b2012-10-23
7201 |aSeemann, David
7201 |aLow, Brian
7201 |aWulder, Michael
77508|tWRS-Canada - integration of the Landsat WorldWide Referencing System with ecological, geographical and demographic data|w(CaOODSP)9.575291
7760#|tWRS-Canada - intégration du système de référence mondial (Worldwide Referencing System) de Landsat avec des données écologiques, géographiques et démographiques|w(CaOODSP)9.626043
830#0|aNotes de transfert technologique ;|vN° 27, octobre 2002|w(CaOODSP)9.501177
85640|ahttp://publications.gc.ca|qPDF|s904 Ko|uhttps://publications.gc.ca/collections/collection_2012/rncan-nrcan/Fo29-47-27-2002-fra.pdf|yN° 27, octobre 2002